000 00429nam a22001697a 4500
005 20180613154548.0
008 160526b xxu||||| |||| 00| 0 eng d
020 _a81-259-1612-1
041 _aeng
082 _b5068
_a657.046
100 _aMaheshwari, S.N. and S.K.
_91171
245 _aAdvanced Accounting (Val-II)
260 _aNew Delhi
_bAcademic Faundation
300 _a3.324
650 _aManagement
_9241
942 _cBK
999 _c1773
_d1772